【1999年】岩手県の「町」の読み - Statistics

General Stats
  • This quiz has been taken 13 times
  • The average score is 28 of 30
Answer Stats
Question Answer % Correct
葛巻町 まち
100%
岩手町 まち
100%
紫波町 ちょう
100%
矢巾町 ちょう
100%
石鳥谷町 ちょう
100%
東和町 ちょう
100%
湯田町 まち
100%
金ケ崎町 ちょう
100%
前沢町 ちょう
100%
平泉町 ちょう
100%
大東町 ちょう
100%
千厩町 ちょう
100%
住田町 ちょう
100%
三陸町 ちょう
100%
大槌町 ちょう
100%
山田町 まち
100%
軽米町 まち
100%
一戸町 まち
100%
雫石町 ちょう
88%
大迫町 まち
88%
胆沢町 ちょう
88%
東山町 ちょう
88%
田老町 ちょう
88%
岩泉町 ちょう
88%
浄法寺町 まち
88%
安代町 ちょう
88%
西根町 ちょう
75%
藤沢町 ちょう
75%
種市町 まち
75%
花泉町 まち
63%
No matching quizzes found
Score Distribution
Percent of People with Each Score
Percentile by Number Answered
Your Score History
You have not taken this quiz